00206nam a2200097Ia 4500008004100000100000900041245002500050260000900075942000700084999001700091190216s9999||||xx |||||||||||||| ||und|| aNull 0aHindi-Aakash Ke Daya bNull cBK c16965d16965